<?xml version="1.0" encoding="UTF-8"?>
<marc:record xmlns:marc="http://www.loc.gov/MARC21/slim" type="Bibliographic">
   <marc:leader>00000pam a2200000 c 4500</marc:leader>
   <marc:controlfield tag="001">972582967</marc:controlfield>
   <marc:controlfield tag="003">DE-101</marc:controlfield>
   <marc:controlfield tag="005">20171203170807.0</marc:controlfield>
   <marc:controlfield tag="007">tu</marc:controlfield>
   <marc:controlfield tag="008">041028s2004    gw ||||| |||| 00||||ger  </marc:controlfield>
   <marc:datafield ind1=" " ind2=" " tag="015">
      <marc:subfield code="a">05,A05,2043</marc:subfield>
      <marc:subfield code="z">04,N48,1568</marc:subfield>
      <marc:subfield code="2">dnb</marc:subfield>
   </marc:datafield>
   <marc:datafield ind1="7" ind2=" " tag="016">
      <marc:subfield code="2">DE-101</marc:subfield>
      <marc:subfield code="a">972582967</marc:subfield>
   </marc:datafield>
   <marc:datafield ind1=" " ind2=" " tag="020">
      <marc:subfield code="a">9783886750429 (Staackmann)</marc:subfield>
      <marc:subfield code="c"> Pp. : EUR 9.90</marc:subfield>
      <marc:subfield code="9">978-3-88675-042-9</marc:subfield>
   </marc:datafield>
   <marc:datafield ind1=" " ind2=" " tag="020">
      <marc:subfield code="a">3886750426 (Staackmann)</marc:subfield>
      <marc:subfield code="c"> Pp. : EUR 9.90</marc:subfield>
      <marc:subfield code="9">3-88675-042-6</marc:subfield>
   </marc:datafield>
   <marc:datafield ind1=" " ind2=" " tag="020">
      <marc:subfield code="a">9783704020529 (Österr. Agrarverl.)</marc:subfield>
      <marc:subfield code="c"> Pp. : EUR 9.90</marc:subfield>
      <marc:subfield code="9">978-3-7040-2052-9</marc:subfield>
   </marc:datafield>
   <marc:datafield ind1=" " ind2=" " tag="020">
      <marc:subfield code="a">3704020524 (Österr. Agrarverl.)</marc:subfield>
      <marc:subfield code="c"> Pp. : EUR 9.90</marc:subfield>
      <marc:subfield code="9">3-7040-2052-4</marc:subfield>
   </marc:datafield>
   <marc:datafield ind1="3" ind2=" " tag="024">
      <marc:subfield code="a">9783886750429</marc:subfield>
   </marc:datafield>
   <marc:datafield ind1="5" ind2="2" tag="028">
      <marc:subfield code="a">42</marc:subfield>
   </marc:datafield>
   <marc:datafield ind1=" " ind2=" " tag="035">
      <marc:subfield code="a">(DE-599)DNB972582967</marc:subfield>
   </marc:datafield>
   <marc:datafield ind1=" " ind2=" " tag="035">
      <marc:subfield code="a">(OCoLC)76542786</marc:subfield>
   </marc:datafield>
   <marc:datafield ind1=" " ind2=" " tag="040">
      <marc:subfield code="a">1245</marc:subfield>
      <marc:subfield code="b">ger</marc:subfield>
      <marc:subfield code="c">DE-101</marc:subfield>
      <marc:subfield code="d">9999</marc:subfield>
   </marc:datafield>
   <marc:datafield ind1=" " ind2=" " tag="041">
      <marc:subfield code="a">ger</marc:subfield>
   </marc:datafield>
   <marc:datafield ind1=" " ind2=" " tag="044">
      <marc:subfield code="c">XA-DE-BY</marc:subfield>
   </marc:datafield>
   <marc:datafield ind1="7" ind2="4" tag="082">
      <marc:subfield code="a">K</marc:subfield>
      <marc:subfield code="q">DE-101</marc:subfield>
      <marc:subfield code="2">22sdnb</marc:subfield>
   </marc:datafield>
   <marc:datafield ind1=" " ind2=" " tag="090">
      <marc:subfield code="a">b</marc:subfield>
   </marc:datafield>
   <marc:datafield ind1="1" ind2=" " tag="100">
      <marc:subfield code="0">(DE-588)118602667</marc:subfield>
      <marc:subfield code="0">http://d-nb.info/gnd/118602667</marc:subfield>
      <marc:subfield code="0">(DE-101)118602667</marc:subfield>
      <marc:subfield code="a">Rosegger, Peter</marc:subfield>
      <marc:subfield code="d">1843-1918</marc:subfield>
      <marc:subfield code="e">Verfasser</marc:subfield>
      <marc:subfield code="4">aut</marc:subfield>
   </marc:datafield>
   <marc:datafield ind1="0" ind2="0" tag="245">
      <marc:subfield code="a">Vom Urgrossvater, der auf der Tanne saß</marc:subfield>
      <marc:subfield code="b">[für Kinder zum Selberlesen]</marc:subfield>
      <marc:subfield code="c">Peter Rosegger. Für Kinder adaptiert von Christine Papouschek. [Hrsg.: Susanne Vogel]</marc:subfield>
   </marc:datafield>
   <marc:datafield ind1=" " ind2="1" tag="264">
      <marc:subfield code="a">Linden</marc:subfield>
      <marc:subfield code="b">Staackmann</marc:subfield>
      <marc:subfield code="a">Leopoldsdorf</marc:subfield>
      <marc:subfield code="b">Österr. Agrarverl.</marc:subfield>
      <marc:subfield code="c">2004</marc:subfield>
   </marc:datafield>
   <marc:datafield ind1=" " ind2=" " tag="300">
      <marc:subfield code="a">81 S.</marc:subfield>
      <marc:subfield code="b">Ill.</marc:subfield>
      <marc:subfield code="c">20 cm, 212 gr.</marc:subfield>
   </marc:datafield>
   <marc:datafield ind1=" " ind2=" " tag="336">
      <marc:subfield code="a">Text</marc:subfield>
      <marc:subfield code="b">txt</marc:subfield>
      <marc:subfield code="2">rdacontent</marc:subfield>
   </marc:datafield>
   <marc:datafield ind1=" " ind2=" " tag="337">
      <marc:subfield code="a">ohne Hilfsmittel zu benutzen</marc:subfield>
      <marc:subfield code="b">n</marc:subfield>
      <marc:subfield code="2">rdamedia</marc:subfield>
   </marc:datafield>
   <marc:datafield ind1=" " ind2=" " tag="338">
      <marc:subfield code="a">Band</marc:subfield>
      <marc:subfield code="b">nc</marc:subfield>
      <marc:subfield code="2">rdacarrier</marc:subfield>
   </marc:datafield>
   <marc:datafield ind1="0" ind2=" " tag="490">
      <marc:subfield code="a">Rosegger modern</marc:subfield>
   </marc:datafield>
   <marc:datafield ind1=" " ind2=" " tag="520">
      <marc:subfield code="a">Die steirische Waldheimat, wo Peter Rosegger aufwuchs, ist der Schauplatz und Ausgangspunkt seiner Geschichten. In der einfachen Umgebung seines Elternhauses, dem Kluppeneggerhof, ereigneten sich Geschichten, die sich tief in seine Erinnerung eingeprägten. Immer wieder erzählt, sind Roseggers Geschichten ein unerlässlicher Bestandteil österreichischer Literatur und Kultur, und ihr Reiz und ihre Bedeutung sind heute so groß wie damals. Alte Geschichten, die speziell für Kinder adaptiert wurden, vermitteln moderne Lebendigkeit, die auch junge Generationen anspricht. Für den vorliegenden Band wurden acht Erzählungen ausgewählt, die sich sowohl zum Selberlesen als auch zum Vorlesen für Kinder im Volksschulalter eignen. Roseggers eigene Zeichnungen, vierfarbig nachkoloriert, gewähren den jungen Lesern Einblick in die Welt Peter Roseggers Kindheit in Alpl. Aus dem Inhalt: Vom Urgroßvater, der auf der Tanne saß, Wie ich dem lieben Herrgott mein Sonntagsjöppl schenkte, Als ich das erste Mal auf dem Dampfwagen saß, Als ich um Hasenöl geschickt wurde, Als ich nach Emmaus zog, ... und andere.</marc:subfield>
   </marc:datafield>
   <marc:datafield ind1=" " ind2=" " tag="653">
      <marc:subfield code="a">(VLB-PF)BB: Gebunden</marc:subfield>
   </marc:datafield>
   <marc:datafield ind1=" " ind2=" " tag="653">
      <marc:subfield code="a">(VLB-WI)1: Hardcover, Softcover, Karte</marc:subfield>
   </marc:datafield>
   <marc:datafield ind1=" " ind2=" " tag="653">
      <marc:subfield code="a">(VLB-WG)250: Kinderbuch, Jugendbuch / Romane, Erzählungen</marc:subfield>
   </marc:datafield>
   <marc:datafield ind1="1" ind2=" " tag="700">
      <marc:subfield code="0">(DE-588)129636444</marc:subfield>
      <marc:subfield code="0">http://d-nb.info/gnd/129636444</marc:subfield>
      <marc:subfield code="0">(DE-101)129636444</marc:subfield>
      <marc:subfield code="a">Papouschek, Christine</marc:subfield>
      <marc:subfield code="e">Mitwirkender</marc:subfield>
      <marc:subfield code="4">ctb</marc:subfield>
   </marc:datafield>
   <marc:datafield ind1=" " ind2=" " tag="850">
      <marc:subfield code="a">DE-101a</marc:subfield>
      <marc:subfield code="a">DE-101b</marc:subfield>
   </marc:datafield>
   <marc:datafield ind1="r" ind2=" " tag="925">
      <marc:subfield code="a">ra</marc:subfield>
   </marc:datafield>
</marc:record>
